Catálogo
 En Linea

Trastornos cardiovasculares / (Registro nro. 36154)

Detalles MARC
000 -CABECERA
campo de control de longitud fija 00850nam a2200205 a 4500
001 - NÚMERO DE CONTROL
campo de control 000036663
005 - FECHA Y HORA DE LA ÚLTIMA TRANSACCIÓN
campo de control 20200930075848.0
008 - DATOS DE LONGITUD FIJA--INFORMACIÓN GENERAL
campo de control de longitud fija 120124s1989 es 000 0 spa d
040 ## - FUENTE DE LA CATALOGACIÓN
Centro catalogador/agencia de origen DO-SdBNP
Lengua de catalogación spa
Centro/agencia transcriptor BNPHU
240 10 - TÍTULO UNIFORME
Título uniforme Combatting cardiovascular diseases skillfully.
Lenguaje de la obra Español
245 00 - MENCIÓN DE TÍTULO
Título Trastornos cardiovasculares /
Mención de responsabilidad, etc. Sally A. Bowers... [et al.] ; traducción de la 2ª ed. en inglés, José María Vila Planas ; revisión de la edición española, Margarita Peya Gascons, Montserrat Busquets Surribas.
260 ## - PUBLICACIÓN, DISTRIBUCIÓN, ETC.
Lugar de publicación, distribución, etc. Barcelona :
Nombre del editor, distribuidor, etc. Doyma,
Fecha de publicación, distribución, etc. 1989.
300 ## - DESCRIPCIÓN FÍSICA
Extensión 192 p. ;
Dimensiones 24 cm.
490 1# - MENCIÓN DE SERIE
Mención de serie Atención integral en enfermería
500 ## - NOTA GENERAL
Nota general Incluye índice
504 ## - NOTA DE BIBLIOGRAFÍA, ETC.
Nota de bibliografía, etc. Bibliografía : p. 186
700 12 - PUNTO DE ACCESO ADICIONAL--NOMBRE DE PERSONA
Nombre de persona Bowers, Sally A.
9 (RLIN) 62940
700 12 - PUNTO DE ACCESO ADICIONAL--NOMBRE DE PERSONA
Nombre de persona Vila Planas, José María,
Término indicativo de función/relación tr.
9 (RLIN) 62941
830 #0 - PUNTO DE ACCESO ADICIONAL DE SERIE-TÍTULO UNIFORME
Título uniforme Atención integral en enfermería
9 (RLIN) 62529
Existencias
Estado de retiro Estado de pérdida Restricciones de uso No para préstamo Código de colección Localización permanente Ubicación/localización actual Ubicación en estantería Fecha de adquisición Número de inventario Total de préstamos Signatura topográfica completa Código de barras Fecha visto por última vez Precio válido a partir de Tipo de ítem Koha
      Excluido de préstamo Monografías: Libros y Folletos General General En catalogación 24.01.2012 LF1   36663-10 25.06.2020 25.06.2020 No se presta

Con tecnología Koha